000
00316nam a2200133Ia 4500
008
240624s9999 xx 000 0 und d
041
_a
eng
082
_a
004.3 SHA
100
_a
SHAW ALAN C
245
_a
REAL TIME SYSTEMS AND SOFTWARE
260
_c
2002
_a
Singapore
_b
John Wiley
300
_a
vi, : 215
365
_c
RS
999
_c
1397
_d
1397